Imagine Architecture Artistic Visions of the Urban Realm /

Saved in:
Bibliographic Details
Other Authors: Feireiss, Lukas (Editor), Klanten, Robert (Editor)
Format: Book
Language:English
Published: Berlin Gestalten 2014
Subjects:
Tags: Add Tag
No Tags, Be the first to tag this record!

MARC

LEADER 00000nam a22000003a 4500
001 0004503
003 SK-STU
005 20150617230329.7
007 ta
008 150507s ----xo-----e------000-0-----d
020 |a 978-3-89955-544-8 
040 |a STU  |b slo 
041 0 |a eng 
044 |a gw 
100 1 |a Feireiss, Lukas  |r Z6  |4 edt 
245 1 0 |a Imagine Architecture  |b Artistic Visions of the Urban Realm /  |c ed. Lukas Feireiss ; ed. Robert Klanten 
260 |a Berlin  |b Gestalten  |c 2014 
300 |a 240 s. 
650 0 7 |a house 
650 0 7 |a dom 
650 0 7 |a tower 
650 0 7 |a veža 
650 0 7 |a city 
650 0 7 |a centrum mesta 
650 0 7 |a ruin 
650 0 7 |a zrúcanina 
650 0 7 |a experimental architecture 
650 0 7 |a artistic architecture 
650 0 7 |a experimentálna architektúra 
650 0 7 |a umelecká architektúra 
700 1 |a Klanten, Robert  |r Z6  |4 edt 
996 |b 284AU06420  |c A* 9248/U  |l AAKNAR  |s A  |a 24  |w 0004503_0001